000 00329nam a2200145Ia 4500
100 _aGuru/ Hiziroglu
250 _a2
942 _cBK
654 _aElectric machinery
245 _aElectric machinery and transformers
260 _bOxford
_aNew Delhi
_c1995
082 _a621.3126
_bGUR/HI
300 _a674
546 _aENGLISH
999 _c27044
_d27044